| 000 | 00372nam a22001457a 4500 | ||
|---|---|---|---|
| 020 | _a978-81-264-2625-9 | ||
| 082 |
_a920 _bDHA/D |
||
| 100 | _aDHAYABAI | ||
| 245 |
_aPACHAVIRAL _bKANYAMADATHIL NINNU KEEZHALAMANNILETHIYA DAYABAYIYUDE ATHMAKATHA |
||
| 260 |
_aKOTTAYAM _bDC BOOKS _c2011 |
||
| 300 | _a151 | ||
| 520 | _aAUTOBIOGRAPHY | ||
| 650 | _aAUTOBIOGRAPHY | ||
| 942 | _cBK | ||
| 999 |
_c5390 _d5390 |
||